| 000 | 00706nam a22002532a 4500 | ||
|---|---|---|---|
| 001 | 21896 | ||
| 003 | BD-RjUL | ||
| 005 | 20211209000737.0 | ||
| 008 | 140305s1968 enk 000 1 eng d | ||
| 020 | _a0213763028 | ||
| 035 | _a(BD-RjUL)21961 | ||
| 040 |
_aDLC _cDLC _dUKM _dBD-RjUL _beng |
||
| 041 | 1 | _aengfre | |
| 082 |
_a843.91 _218 _bKEH 1968 |
||
| 100 | 1 |
_aKessel, Joseph, _d1898-1979. _qJoseph Kessel. _967602 |
|
| 245 | 1 | 4 |
_aThe horsemen / _ctranslated from the French by Patrick O'Brian |
| 260 |
_aLondon : _bBarker, _c1968. |
||
| 300 |
_a458 p. : _c23 cm |
||
| 500 | _aTranslation of Les Cavaliers | ||
| 942 |
_2ddc _cBK |
||
| 999 |
_c21896 _d21896 |
||